000 00255nam a2200097Ia 4500
001 1076451
005 20250827002257.0
008 250824s9999 xx 000 0 und d
245 0 _aAKILLI TÜRK MAKUL TARİH
_cİHSAN FAZLIOĞLU
260 _bKETEBE YAYINLARI
999 _c1076451
_d1076451